| 000 | 02014nam0a2200361 4500 | ||
|---|---|---|---|
| 001 | RU\NLR\BIBL_A\022624025 | ||
| 005 | 20251120113410.0 | ||
| 010 |
_a978-5-7621-1337-3 _9500 |
||
| 021 |
_aRU _bКН-П-25-045050 _9КН-П-25-4378 |
||
| 035 | _a(NLR Aleph) 022624025 | ||
| 090 |
_a13465620 _c13465620 |
||
| 100 | _a20250917d2025 k y0rusy50 ca | ||
| 101 | 0 | _arus | |
| 102 | _aRU | ||
| 105 | _aac z 000yy | ||
| 181 | 0 |
_ai3 _baxxe |
|
| 182 | 0 | _an | |
| 200 | 1 |
_aСовременная политика правительства Санкт-Петербурга по развитию города _eлекция, прочитанная студентам Санкт-Петербургского Гуманитарного университета профсоюзов 16 января 2025 года _fВладимир Княгинин |
|
| 203 |
_aТекст _bвизуальный _cнепосредственный |
||
| 210 |
_aСанкт-Петербург _cСанкт-Петербургский гуманитарный университет профсоюзов _d2025 |
||
| 215 |
_a21, [9] с., [2] л. цв. ил., портр. _d20 |
||
| 225 | 1 |
_aИзбранные лекции Университета _vвып. 238 |
|
| 300 | _aНа обороте тит. с. в тексте аннот. авт.: проф., канд. юрид. наук В. Н. Княгинин | ||
| 320 | _aДр. кн. сер. в конце текста | ||
| 607 |
_aСанкт-Петербург, город _jЛекции, доклады и т.п _xСоциально-экономическое развитие _92356852 _3RU\NLR\AUTH\6601630264 |
||
| 686 | 1 | _aУ03(2-2СПб)74 | |
| 700 | 1 |
_aКнягинин _bВ. Н. _f1961- _gВладимир Николаевич |
|
| 712 | 0 | 1 |
_4570 _aСанкт-Петербург _bПравительство _9603405 _3RU\NLR\AUTH\8810051544 |
| 942 | _cBOOK | ||
| 980 | _aNB | ||